00517 a2200157 4500003000500000005001700005040000900022082001400031100004300045245007000088300001200158505002700170942002300197999001900220952012000239NUST20221205181614.0 cNust a152.4,PRY athe Psychology of the Emotions9104167 aThe contemporary Science Series /cthe Psychology of the Emotions a455p .: aContents not available 2ddccBKk152.4,PRY c193769d193769 00102ddc4070aMCSbMCScGENd2016-12-12o152.4,PRYpMCS79r2016-12-08w2016-12-12yBKzAlmirah No.46, Shelf No.4